[Event "Schleswig-Holstein-ch Seniors-A"]
[Site "Bad Segeberg"]
[Date "2018.03.24"]
[Round "1"]
[White "Busse, Gerd"]
[Black "Duerer, Manfred"]
[Result "1-0"]
[WhiteElo "1815"]
[BlackElo "1965"]
[PlyCount "93"]
[EventDate "2018.03.24"]
[EventType "swiss"]
[EventRounds "9"]
[EventCountry "GER"]
[SourceTitle "EXT 2023"]
[Source "ChessBase"]
[SourceDate "2022.10.05"]
[SourceVersion "1"]
[SourceVersionDate "2022.10.05"]
[SourceQuality "1"]

1. e4 e5 2. Nf3 Nc6 3. Bc4 Nf6 4. d3 Bc5 5. 0-0 d6 6. Be3 0-0 7. c3 Bxe3 8. fxe3 d5 9. exd5 Nxd5 10. Qe1 a6 11. Bb3 Kh8 12. Nbd2 f6 13. Bc2 Nde7 14. d4 Bf5 15. e4 Bg6 16. d5 Na7 17. Rd1 c6 18. dxc6 Qb6+ 19. Qf2 Qxf2+ 20. Rxf2 Naxc6 21. Nc4 Rfd8 22. Rfd2 Kg8 23. Nd6 Rab8 24. Nh4 Bh5 25. Nf3 Kf8 26. h3 Bxf3 27. gxf3 Nd4 28. cxd4 Rxd6 29. Bb3 Rbd8 30. d5 Rc8 31. Kf2 Ke8 32. Rd3 Rc5 33. Rc3 Rxc3 34. bxc3 Kd8 35. c4 b6 36. Rc1 Kc7 37. a4 a5 38. c5 bxc5 39. Rxc5+ Kb7 40. Rxa5 Nc8 41. Rb5+ Rb6 42. Bc4 Nd6 43. Rc5 Rb2+ 44. Be2 Ra2 45. a5 Nf7 46. a6+ Kb8 47. Rb5+ 1-0

[Event "Pinneberg op Seniors 16th"]
[Site "Pinneberg"]
[Date "2015.08.06"]
[Round "6"]
[White "Grothkopp, Dietrich"]
[Black "Busse, Gerd"]
[Result "0-1"]
[WhiteElo "1644"]
[BlackElo "1589"]
[PlyCount "120"]
[EventDate "2015.07.02"]
[EventType "swiss"]
[EventRounds "7"]
[EventCountry "GER"]
[SourceTitle "EXT 2017"]
[Source "ChessBase"]
[SourceDate "2016.10.25"]
[SourceVersion "1"]
[SourceVersionDate "2016.10.25"]
[SourceQuality "1"]

1. d4 Nf6 2. c4 e5 3. dxe5 Ng4 4. Nf3 Nc6 5. e3 Ngxe5 6. Nbd2 Bb4 7. a3 Nxf3+ 8. Qxf3 Be7 9. Be2 0-0 10. Bd3 d6 11. Bc2 Ne5 12. Qe2 Be6 13. b3 g6 14. 0-0 Bf6 15. Rb1 Bg7 16. h3 Qh4 17. f4 Nc6 18. f5 Bd7 19. Rf4 Qd8 20. Bb2 Bh6 21. Rf2 Re8 22. Ne4 Ne5 23. fxg6 hxg6 24. Nf6+ Kf8 25. Nxe8 Qxe8 26. Rf6 Bg5 27. Rff1 Qe6 28. Be4 Bc6 29. Bxc6 Nxc6 30. Rf3 Re8 31. Bc1 Nd4 32. Qf1 Nxf3+ 33. Qxf3 Bxe3+ 34. Kh1 Bxc1 35. Rxc1 Qe3 36. Rf1 Qxf3 37. Rxf3 Re2 38. h4 a5 39. a4 Re4 40. g3 Re2 41. Rd3 Kg7 42. Kg1 b6 43. Kf1 Re5 44. Kf2 Kf6 45. Kf3 Ke6 46. Kg4 Kf6 47. Rf3+ Kg7 48. Rd3 Re4+ 49. Kf3 f5 50. Rd2 Kf6 51. Rg2 Re1 52. Rd2 g5 53. hxg5+ Kxg5 54. Kf2 Re4 55. Kf3 Re1 56. Kf2 Rb1 57. Rd3 f4 58. gxf4+ Kxf4 59. Rd4+ Ke5 60. Rd5+ Ke4 0-1

[Event "Schleswig Holstein-ch Seniors"]
[Site "Hanerau"]
[Date "2015.03.30"]
[Round "3"]
[White "Marcic, Marinko"]
[Black "Busse, Gerd"]
[Result "1/2-1/2"]
[WhiteElo "1667"]
[BlackElo "1791"]
[PlyCount "40"]
[EventDate "2015.03.28"]
[EventType "swiss"]
[EventRounds "9"]
[EventCountry "GER"]
[SourceTitle "EXT 2018"]
[Source "ChessBase"]
[SourceDate "2017.10.13"]
[SourceVersion "1"]
[SourceVersionDate "2017.10.13"]
[SourceQuality "1"]

1. d4 Nf6 2. c4 e5 3. dxe5 Ng4 4. Nf3 Nc6 5. h3 Ngxe5 6. Nxe5 Nxe5 7. e3 Bc5 8. Be2 0-0 9. Bd2 a5 10. Bc3 Qe7 11. 0-0 Ra6 12. Qd5 Ng6 13. Nd2 Bb4 14. Qd3 Bxc3 15. Qxc3 Nh4 16. Nf3 Rg6 17. Nxh4 Qxh4 18. Kh2 d6 19. Qd4 Qe7 20. Bf3 b6 1/2-1/2

[Event "Schleswig Holstein-ch Seniors"]
[Site "Leck"]
[Date "2014.04.14"]
[Round "3"]
[White "Busse, Gerd"]
[Black "Nowack, Achim"]
[Result "1-0"]
[WhiteElo "1835"]
[BlackElo "1836"]
[PlyCount "81"]
[EventDate "2014.04.12"]
[EventType "swiss"]
[EventRounds "9"]
[EventCountry "GER"]
[SourceTitle "EXT 2018"]
[Source "ChessBase"]
[SourceDate "2017.10.13"]
[SourceVersion "1"]
[SourceVersionDate "2017.10.13"]
[SourceQuality "1"]

1. d4 Nf6 2. Nf3 c5 3. c3 e6 4. Bg5 h6 5. Bf4 Nd5 6. Bg3 cxd4 7. Nxd4 Be7 8. e3 0-0 9. Bd3 Nc6 10. 0-0 Nf6 11. Nd2 d5 12. Rc1 a6 13. Bb1 e5 14. Nxc6 bxc6 15. Bxe5 Ne4 16. Qc2 f5 17. Nf3 Bd6 18. Bxd6 Qxd6 19. h3 Nf6 20. Rfd1 Bd7 21. c4 Rac8 22. Nh4 Ne4 23. Qe2 g6 24. Nf3 Qe7 25. cxd5 cxd5 26. Rxc8 Rxc8 27. Rxd5 Bb5 28. Qd1 Qf6 29. Nd4 Nxf2 30. Kxf2 f4 31. e4 Qb6 32. b3 Rc3 33. e5 Re3 34. Rd6 Qc5 35. Qg4 Re2+ 36. Kg1 Rxe5 37. Rd8+ Kg7 38. Kh2 Qe7 39. Qc8 Be8 40. Nf5+ Rxf5 41. Rxe8 1-0

[Event "Kiel op-B 26th"]
[Site "Kiel"]
[Date "2013.07.31"]
[Round "7"]
[White "Busse, Gerd"]
[Black "Devic, Christian"]
[Result "0-1"]
[WhiteElo "1827"]
[BlackElo "1687"]
[PlyCount "54"]
[EventDate "2013.07.27"]
[EventType "swiss"]
[EventRounds "9"]
[EventCountry "GER"]
[SourceTitle "EXT 2018"]
[Source "ChessBase"]
[SourceDate "2017.10.13"]
[SourceVersion "1"]
[SourceVersionDate "2017.10.13"]
[SourceQuality "1"]

1. e4 c5 2. Nc3 Nc6 3. f4 e6 4. Nf3 d5 5. Bb5 Nge7 6. 0-0 a6 7. Bxc6+ Nxc6 8. d3 Be7 9. Qe1 Nd4 10. Nxd4 cxd4 11. Ne2 dxe4 12. dxe4 0-0 13. Kh1 b5 14. Bd2 Bb7 15. Ng3 f5 16. e5 Rc8 17. Rc1 Qd5 18. Qf2 Qxa2 19. Qxd4 Rfd8 20. Qb6 Bxg2+ 21. Kxg2 Rxd2+ 22. Kh3 Qd5 23. Rf2 Rd4 24. Qxa6 Ra8 25. Qb6 Bc5 26. Qc7 Rda4 27. Nh5 R4a7 0-1

[Event "Kiel op-B 26th"]
[Site "Kiel"]
[Date "2013.07.28"]
[Round "3"]
[White "Busse, Gerd"]
[Black "Papesch, Dennis"]
[Result "1-0"]
[WhiteElo "1827"]
[BlackElo "1656"]
[PlyCount "73"]
[EventDate "2013.07.27"]
[EventType "swiss"]
[EventRounds "9"]
[EventCountry "GER"]
[SourceTitle "EXT 2018"]
[Source "ChessBase"]
[SourceDate "2017.10.13"]
[SourceVersion "1"]
[SourceVersionDate "2017.10.13"]
[SourceQuality "1"]

1. e4 c5 2. Nc3 Nc6 3. f4 d6 4. Bc4 g6 5. Nf3 Bg7 6. 0-0 e6 7. d3 Nge7 8. Qe1 0-0 9. f5 d5 10. Bb3 dxe4 11. dxe4 Nd4 12. Qh4 Nec6 13. Bg5 f6 14. fxg6 hxg6 15. Bh6 Qe7 16. Bxg7 Kxg7 17. Rad1 b5 18. a3 Ba6 19. Rfe1 Rh8 20. Qf2 Rad8 21. Ne2 Nxf3+ 22. Qxf3 c4 23. Ba2 Qc5+ 24. Qf2 Qh5 25. h3 e5 26. Rf1 Qg5 27. c3 Bc8 28. Rxd8 Rxd8 29. h4 Qd2 30. Qxf6+ Kh6 31. h5 Qe3+ 32. Kh1 Qxe4 33. hxg6 Qxg6 34. Bb1 Qxf6 35. Rxf6+ Kg7 36. Rxc6 Rd1+ 37. Ng1 1-0

[Event "Schleswig Holstein-ch Kandidaten"]
[Site "Schleswig Holstein"]
[Date "2012.06.??"]
[Round "5"]
[White "Busse, Gerd"]
[Black "Coldewey, Carsten"]
[Result "1/2-1/2"]
[WhiteElo "1813"]
[BlackElo "1896"]
[PlyCount "43"]
[EventDate "2012.06.05"]
[EventType "swiss"]
[EventRounds "9"]
[EventCountry "GER"]
[SourceTitle "EXT 2022"]
[Source "ChessBase"]
[SourceDate "2021.10.06"]
[SourceVersion "1"]
[SourceVersionDate "2021.10.06"]
[SourceQuality "1"]

1. e4 e6 2. d4 d5 3. Nd2 Nf6 4. e5 Nfd7 5. c3 c5 6. Bd3 cxd4 7. cxd4 Nc6 8. Ndf3 Bb4+ 9. Bd2 Qa5 10. a3 Bxd2+ 11. Qxd2 Qxd2+ 12. Kxd2 f6 13. exf6 gxf6 14. Nh3 Nf8 15. Rae1 Kf7 16. Nf4 Ng6 17. Nxg6 hxg6 18. Rc1 Bd7 19. h3 Rac8 20. Rc3 Ne7 21. Rhc1 Rxc3 22. Rxc3 1/2-1/2

[Event "Schleswig Holstein-ch Kandidaten"]
[Site "Schleswig Holstein"]
[Date "2012.06.??"]
[Round "2"]
[White "Busse, Gerd"]
[Black "Kololli, Kevin"]
[Result "1/2-1/2"]
[WhiteElo "1813"]
[BlackElo "1767"]
[PlyCount "39"]
[EventDate "2012.06.05"]
[EventType "swiss"]
[EventRounds "9"]
[EventCountry "GER"]
[SourceTitle "EXT 2022"]
[Source "ChessBase"]
[SourceDate "2021.10.06"]
[SourceVersion "1"]
[SourceVersionDate "2021.10.06"]
[SourceQuality "1"]

1. e4 e5 2. Nf3 Nc6 3. Bc4 Nf6 4. d3 d5 5. exd5 Nxd5 6. 0-0 Nb6 7. Bb3 Bc5 8. Ng5 Qf6 9. Bxf7+ Kd8 10. Bb3 Ke8 11. Nc3 Bf5 12. Nce4 Qe7 13. Nxc5 Qxc5 14. Be3 Qe7 15. Ne4 Nd7 16. Bg5 Nf6 17. Nxf6+ gxf6 18. Bh6 Nd4 19. Bd5 c6 20. Be4 1/2-1/2

[Event "Schleswig-Holstein-ch Young Seniors"]
[Site "Buesum"]
[Date "2010.03.27"]
[Round "1"]
[White "Rickers, Bernhard"]
[Black "Busse, Gerd"]
[Result "0-1"]
[WhiteElo "1483"]
[BlackElo "1658"]
[PlyCount "110"]
[EventDate "2010.03.27"]
[EventType "swiss"]
[EventRounds "9"]
[EventCountry "GER"]
[SourceTitle "EXT 2023"]
[Source "ChessBase"]
[SourceDate "2022.10.05"]
[SourceVersion "1"]
[SourceVersionDate "2022.10.05"]
[SourceQuality "1"]

1. d4 Nf6 2. Nf3 d5 3. e3 Bf5 4. Bd3 Bxd3 5. Qxd3 c6 6. 0-0 e6 7. Nbd2 Bd6 8. Re1 Nbd7 9. e4 dxe4 10. Nxe4 Nxe4 11. Rxe4 Nf6 12. Rh4 h6 13. c3 Qe7 14. Bf4 0-0-0 15. Bxd6 Qxd6 16. Rh3 g5 17. Ne5 Qc7 18. Rf3 Qe7 19. Rd1 Rhf8 20. Qc2 g4 21. Rfd3 h5 22. g3 Nd5 23. Qd2 h4 24. Nxg4 hxg3 25. fxg3 Rh8 26. Rf1 Rdg8 27. Ne5 f5 28. c4 Nf6 29. Qe1 Ne4 30. Qe2 Qh4 31. Qg2 Qh7 32. d5 Qg7 33. Nf3 exd5 34. cxd5 f4 35. Nd4 fxg3 36. hxg3 Nxg3 37. Rxg3 Qxg3 38. Qxg3 Rxg3+ 39. Kf2 Rd3 40. Nf5 cxd5 41. Ke2 Rdh3 42. Ne7+ Kd7 43. Nxd5 Rh2+ 44. Rf2 Rxf2+ 45. Kxf2 Rh2+ 46. Ke3 Rxb2 47. Nc3 b5 48. a3 Rb3 49. Kd4 Kc6 50. Na2 Rxa3 51. Nb4+ Kd6 52. Nc2 Ra4+ 53. Kc3 Rc4+ 54. Kb3 a5 55. Ne3 Kc5 0-1

[Event "GER Seniors Derby 07th"]
[Site "Wesel Undeloh"]
[Date "2008.03.29"]
[Round "5.8"]
[White "Busse, Gerd"]
[Black "Benndorf, Peter"]
[Result "0-1"]
[WhiteElo "1672"]
[BlackElo "1759"]
[PlyCount "82"]
[EventDate "2008.03.27"]
[EventType "swiss"]
[EventRounds "7"]
[EventCountry "GER"]
[SourceTitle "EXT 2022"]
[Source "ChessBase"]
[SourceDate "2021.10.06"]
[SourceVersion "1"]
[SourceVersionDate "2021.10.06"]
[SourceQuality "1"]

1. e4 c5 2. Nc3 Nc6 3. f4 e6 4. Nf3 Be7 5. Bc4 a6 6. a3 b5 7. Ba2 c4 8. 0-0 d5 9. d3 Nf6 10. Qe1 0-0 11. Qg3 dxe4 12. dxe4 Nd4 13. Nxd4 Qxd4+ 14. Be3 Qd8 15. Rad1 Qc7 16. e5 Nd7 17. Ne4 Bb7 18. Nf2 Qc6 19. c3 f5 20. Bb1 Nc5 21. Rd2 Rad8 22. Rfd1 Rxd2 23. Rxd2 Nb3 24. Rd1 Qc8 25. h4 Bd5 26. h5 Kh8 27. Bc2 Nc5 28. Rd2 Nb7 29. Qh3 Qc6 30. g4 fxg4 31. Qxg4 Nc5 32. Kh2 Nb3 33. Bxb3 cxb3 34. Nh3 Rf5 35. Ng5 h6 36. Nh3 Bf3 37. Qg6 Bxh5 38. Qg3 Bf3 39. Rf2 Be4 40. Rd2 Rh5 41. Qg1 Bf5 0-1

[Event "GER Seniors Derby 07th"]
[Site "Wesel Undeloh"]
[Date "2008.03.28"]
[Round "4.10"]
[White "Romainczyk, Stefan"]
[Black "Busse, Gerd"]
[Result "0-1"]
[WhiteElo "1679"]
[BlackElo "1672"]
[PlyCount "66"]
[EventDate "2008.03.27"]
[EventType "swiss"]
[EventRounds "7"]
[EventCountry "GER"]
[SourceTitle "EXT 2022"]
[Source "ChessBase"]
[SourceDate "2021.10.06"]
[SourceVersion "1"]
[SourceVersionDate "2021.10.06"]
[SourceQuality "1"]

1. e4 d5 2. exd5 Qxd5 3. Nc3 Qa5 4. Bc4 Bf5 5. d3 c6 6. Bd2 e6 7. Nge2 Qc7 8. 0-0 Bd6 9. Ng3 Bg6 10. Nce4 Nf6 11. Nxf6+ gxf6 12. Bc3 Nd7 13. Qg4 h5 14. Qh4 Be7 15. Qd4 Rg8 16. Qe3 Nb6 17. Bb3 h4 18. Ne2 0-0-0 19. a4 Kb8 20. a5 Nd5 21. Bxd5 Rxd5 22. b4 Bd6 23. Bd4 Bxh2+ 24. Kh1 a6 25. Bxf6 Be5 26. Bxe5 Rxe5 27. Qd2 Bh5 28. f3 Reg5 29. Rf2 f5 30. Nf4 Qg7 31. Rg1 Bf7 32. Nh3 Rg3 33. Kh2 Rxh3+ 0-1

[Event "Schleswig Holstein-ch cand 63rd"]
[Site "Gross Groenau"]
[Date "2008.03.20"]
[Round "8"]
[White "Busse, Gerd"]
[Black "Neitzel, Mirko"]
[Result "0-1"]
[WhiteElo "1648"]
[BlackElo "1633"]
[PlyCount "64"]
[EventDate "2008.03.15"]
[EventType "swiss"]
[EventRounds "9"]
[EventCountry "GER"]
[SourceTitle "EXT 2010"]
[Source "ChessBase"]
[SourceDate "2010.11.25"]
[SourceVersion "1"]
[SourceVersionDate "2010.11.25"]
[SourceQuality "1"]

1. e4 c5 2. Nc3 Nc6 3. f4 e6 4. Bc4 Nge7 5. Nf3 d5 6. exd5 Nxd5 7. Bxd5 exd5 8. d3 Be7 9. 0-0 0-0 10. Ne2 d4 11. Ng3 Qc7 12. Ne4 Bf5 13. a3 Rad8 14. Qe1 Rfe8 15. Nh4 Bxe4 16. dxe4 Bxh4 17. Qxh4 Rxe4 18. Bd2 Qe7 19. Qg3 Qf6 20. f5 h6 21. Bf4 Ne7 22. Rae1 Nxf5 23. Be5 Nxg3 24. Bxf6 Rde8 25. Rxe4 Nxe4 26. Bh4 Nd2 27. Rf5 b6 28. b3 Re2 29. Rd5 Nb1 30. Rd8+ Kh7 31. Rd7 Rxc2 32. Rxf7 d3 0-1

[Event "Schleswig Holstein-ch cand 63rd"]
[Site "Gross Groenau"]
[Date "2008.03.19"]
[Round "6"]
[White "Ahrens, Bernd"]
[Black "Busse, Gerd"]
[Result "1-0"]
[WhiteElo "1798"]
[BlackElo "1648"]
[PlyCount "33"]
[EventDate "2008.03.15"]
[EventType "swiss"]
[EventRounds "9"]
[EventCountry "GER"]
[SourceTitle "EXT 2010"]
[Source "ChessBase"]
[SourceDate "2010.11.25"]
[SourceVersion "1"]
[SourceVersionDate "2010.11.25"]
[SourceQuality "1"]

1. e4 d5 2. exd5 Qxd5 3. Nc3 Qa5 4. d4 c6 5. Bd2 Bf5 6. Nf3 Nf6 7. Bc4 e6 8. 0-0 Qc7 9. Qe2 Bd6 10. h3 Bxc2 11. Rac1 Bg6 12. d5 cxd5 13. Nxd5 Qd7 14. Nxf6+ gxf6 15. Rfd1 Qe7 16. Bb5+ Nc6 17. Rxc6 1-0

[Event "Schleswig Holstein-ch Veterans 62nd"]
[Site "Itzehoe"]
[Date "2007.04.04"]
[Round "6"]
[White "Busse, Gerd"]
[Black "Magdorf, Peter"]
[Result "1/2-1/2"]
[WhiteElo "1612"]
[BlackElo "1822"]
[PlyCount "41"]
[EventDate "2007.03.31"]
[EventType "swiss"]
[EventRounds "9"]
[EventCountry "GER"]
[SourceTitle "EXT 2010"]
[Source "ChessBase"]
[SourceDate "2010.11.25"]
[SourceVersion "1"]
[SourceVersionDate "2010.11.25"]
[SourceQuality "1"]

1. e4 c5 2. Nc3 d6 3. f4 Nc6 4. Nf3 g6 5. Bc4 Bg7 6. 0-0 a6 7. a3 Nf6 8. d3 0-0 9. Qe1 e6 10. Qh4 b5 11. Ba2 b4 12. axb4 cxb4 13. Ne2 Nh5 14. Qxd8 Rxd8 15. f5 exf5 16. Bd5 fxe4 17. Bxc6 exf3 18. Bxa8 fxe2 19. Re1 Bd4+ 20. Kh1 Re8 21. Bf3 1/2-1/2

[Event "Schleswig Holstein-ch cand 60th"]
[Site "Germany"]
[Date "2005.10.12"]
[Round "3"]
[White "Busse, Gerd"]
[Black "Hinke, Rene"]
[Result "0-1"]
[WhiteElo "1619"]
[BlackElo "1796"]
[PlyCount "114"]
[EventDate "2005.10.10"]
[EventType "swiss"]
[EventRounds "9"]
[EventCountry "GER"]
[SourceTitle "EXT 2010"]
[Source "ChessBase"]
[SourceDate "2010.11.25"]
[SourceVersion "1"]
[SourceVersionDate "2010.11.25"]
[SourceQuality "1"]

1. e4 e5 2. Bc4 Nf6 3. d3 Be7 4. Nc3 0-0 5. Nf3 d6 6. h3 c6 7. 0-0 Nbd7 8. a4 Nc5 9. Be3 Ne6 10. Ne2 d5 11. exd5 cxd5 12. Bb3 Bd6 13. c3 Bd7 14. Ng3 Rc8 15. Nh4 Bb8 16. Nhf5 Bc6 17. Ne2 Nf4 18. Bc5 Nxe2+ 19. Qxe2 Re8 20. Qd2 h6 21. Qd1 Qd7 22. Ng3 e4 23. dxe4 Nxe4 24. Nxe4 Rxe4 25. Bc2 Qc7 26. g3 Rh4 27. Qd3 g6 28. Be3 Rxh3 29. f4 d4 30. Bxd4 Rh1+ 31. Kf2 Rh2+ 32. Ke1 Re8+ 33. Kd1 Ree2 34. Bb3 Rd2+ 35. Qxd2 Rxd2+ 36. Kxd2 Qd7 37. Rfe1 Bd6 38. Kc2 Qf5+ 39. Kd2 a6 40. Re3 Bf8 41. Rae1 h5 42. Re5 Qd7 43. a5 h4 44. Rg5 Kh7 45. Bc2 Bh6 46. Rge5 hxg3 47. Rh5 g2 48. Rh2 Qg4 49. Be3 f5 50. Rxh6+ Kxh6 51. Bf2 Qxf4+ 52. Be3 Kg5 53. Bxf4+ Kxf4 54. Ke2 Kg3 55. Rg1 Bf3+ 56. Ke3 f4+ 57. Kd2 g5 0-1